Contratos con cláusulas predispuestas: condiciones negociales generales
Salvato in:
| Autore principale: | |
|---|---|
| Natura: | Libro |
| Lingua: | spagnolo |
| Pubblicazione: |
Buenos Aires
Astrea
1987
|
| Soggetti: | |
| Tags: |
Aggiungi Tag
Nessun Tag, puoi essere il primo ad aggiungerne!!
|
MARC
| LEADER | 00000nam a2200000 a 4500 | ||
|---|---|---|---|
| 001 | UCN6502 | ||
| 003 | CL-VaPUC | ||
| 008 | 010928e19870000AG |||||||||||||||||spa|d | ||
| 082 | 0 | 4 | |a 346.02 |b REZ |2 21 |
| 100 | 0 | |a Rezzónico, Juan Carlos |e author |9 462166 | |
| 245 | 1 | 0 | |a Contratos con cláusulas predispuestas: condiciones negociales generales |
| 300 | |a 692 p | ||
| 942 | |c BK | ||
| 945 | |d 20010928 00:00:00 |a vberengu | ||
| 260 | |a Buenos Aires |b Astrea |c 1987 | ||
| 650 | 0 | |a Contratos |9 255153 | |
| 650 | 7 | |a CONTRATO DE ADHESION |2 CL-VaPUC |9 432139 | |
| 650 | 7 | |a CLAUSULAS |2 CL-VaPUC |9 397755 | |
| 583 | |a last modification |c 20010928 00:00:00 |k Rodrigo Vera | ||
| 999 | |c 297251 |d 297249 | ||
| 952 | |0 0 |1 0 |4 0 |6 346_020000000000000_REZ_1987 |7 0 |8 A |9 351825 |a BIBDER |b BIBDER |d 2019-11-21 |i 3755118 |l 2 |o 346.02 REZ 1987 |p 3755118 |r 2023-01-25 |s 2022-10-12 |w 2019-11-21 |y BK |k DER | ||